| 000 -LEADER |
| fixed length control field |
00348cam a22001217a 4500 |
| 008 - FIXED-LENGTH DATA ELEMENTS--GENERAL INFORMATION |
| fixed length control field |
180718b1986 xxu||||| |||| 00| 0 eng d |
| 082 ## - DEWEY DECIMAL CLASSIFICATION NUMBER |
| Classification number |
L1x54 G561 |
| 100 ## - MAIN ENTRY--PERSONAL NAME |
| Personal name |
Gokhale, Gopal Krishna |
| 245 ## - TITLE STATEMENT |
| Title |
India: pre-independence budgets |
| Statement of responsibility, etc. |
by Gopal Krishna Gokhale |
| 260 ## - PUBLICATION, DISTRIBUTION, ETC. |
| Place of publication, distribution, etc. |
Delhi |
| Name of publisher, distributor, etc. |
Archives |
| Date of publication, distribution, etc. |
1986 |
| 300 ## - PHYSICAL DESCRIPTION |
| Extent |
208p. |
| 650 ## - SUBJECT ADDED ENTRY--TOPICAL TERM |
| Topical term or geographic name entry element |
Central budget - India |